Marketingový plán ako súčasť podnikateľského zámeru bakalárska práca
Gespeichert in:
| 1. Verfasser: | |
|---|---|
| Format: | Buch |
| Sprache: | Englisch |
| Veröffentlicht: |
Bratislava
STU FCHPT
2014
|
| Online-Zugang: | Im OPAC anzeigen |
| Tags: |
Keine Tags, Fügen Sie das erste Tag hinzu!
|
MARC
| LEADER | 00000nam a2200000 a 4500 | ||
|---|---|---|---|
| 005 | 20260127134207.0 | ||
| 008 | 141016 000 0 eng d | ||
| 035 | |a vtls010628604 | ||
| 039 | 9 | |y 201410161309 |z mschk03 | |
| 040 | |a STUSCHK1 |b slo |c STUSCHK1 |e AACR2 | ||
| 100 | 1 | |a Ondášová, Veronika | |
| 245 | 1 | |a Marketingový plán ako súčasť podnikateľského zámeru |b bakalárska práca |c Veronika Ondášová | |
| 260 | |a Bratislava |b STU FCHPT |c 2014 | ||
| 300 | |a 55 s. + príl. |b il. |c 30 cm | ||
| 500 | |a Obhájené: 16.07.2014 | ||
| 500 | |a Študijný program: automatizácia, informatizácia a manažment v chémii a potravinárstve | ||
| 500 | |a Štud. odbor: automatizácia, priemyselné inžinierstvo | ||
| 500 | |a Školiace pracovisko: Odd. manažmentu chemických a potravinárskych technológií | ||
| 500 | |a Evid. číslo: FCHPT-5415-70053 | ||
| 910 | |a SCHK95 | ||
| 999 | |c 6343 |d 6343 | ||